| 000 | 00554nam a2200169Ia 4500 | ||
|---|---|---|---|
| 008 | 220216s9999 xx 000 0 und d | ||
| 100 | _aNeumeister L A | ||
| 245 | 0 | _aCrack analysis of unfilled natural rubber using infrared microscopy | |
| 260 | _bACS Polymeric Materials Science and Engineering. V.75.Conference Proceedings Orlando, FL, Fall 1996,p9-10 | ||
| 500 | _aSource Year: 2001 | ||
| 650 | _aCrack analysis | ||
| 650 | _aInfrared microscopy | ||
| 650 | _aUnfilled natural rubber | ||
| 700 | _aKoenig J L | ||
| 856 | _uRAPRA | ||
| 942 | _cJS | ||
| 999 |
_c56489 _d56489 |
||